Регионална библиотека "Любен Каравелов" - Русе

Хоро | Синовете на Будинка (Запис номер 448882)

MARC детайли
000 -Лидер
Контролно поле с фиксирана дължина nam a22 4500
003 - Код на организацията, давaща контролен номер
Контролно поле BLK
005 - Дата и час на последна редакция
Контролно поле 20220315120516.0
008 - Елементи от данни с фиксирана дължина
fixed length control field 220315b bu |||||r|||| 00| | bu d
040 ## - Източник на каталожния запис
Идентификатор на билиотеката - собственик на записа BLK
041 ## - Код за език
Код за езика на текст/звукозапис или на отделно заглавие Български
Код за езика КДБФ Български
080 ## - УДК
Текстов определител УДК Българска литература
УДК код - определител по УДК 821.163.2
УДК определител -2
УДК - код + определител 821.163.2-2
100 ## - Редна дума - Автор
R(LIN) 1299
Автор Стойков, Димитър
Авторска отговорност първи автор
139 ## - Редно поле
Редна дума Стойков, Димитър и др.
245 ## - Сведения за заглавието
Заглавие Хоро
Подзаглавни данни Пиеса в шест картини по романа на Антон Страшимиров
Редно поле (дума) Димитър Стойков.
245 ## - Сведения за заглавието
Заглавие Синовете на Будинка
Подзаглавни данни Пиеса в три действия, седем карт.
Редно поле (дума) Александър Гергинов.
260 ## - Област на издателските данни
9 (RLIN) 209548
Място на издаване, разпространение и проч. София
Име на издателя, разпространителя и проч. Наука и изкуство
Година на издаване 1963
Издателство - префикс ISBN 978-954-02-
300 ## - Физическа характеристика
Страници 120 с.
Размери/Мащаб 22 см
380 ## - Жанр
Жанр Худож. лит.
490 ## - СЕРИИ (Колекции)
9 (RLIN) 205002
Име на серия Библиотека Театрална самодейност
№: серия Год. 7, кн.4
500 ## - Общи забележки
Забележка Мин. на просветата и културата, Центр. дом за народно творчество.<br/>Изд. под заглавие Септември 1923 година ...
700 1# - Други автори (авторска отговорност)
9 (RLIN) 54219
Лично име Гиргинов, Александър
852 ## - Местоположение
Форматна сигнатура Цб 26837
Фондова буква Хранилище
999 ## - СИСТЕМНИ КОНТРОЛНИ НОМЕРА
Koha biblionumber 448882
Koha biblioitemnumber 448882
942 ## - АРТИКУЛИ
Вид на библиотечния материал Книги
Скрит в OPAC Не
Периодичен библиозапис Да
944 ## - СЪЗДАВАНЕ И РЕДАКЦИЯ на ЗАПИСА
Създаване/Редакция Създаване
Дата на регистрацията/редакция 2022-03-15
Служител, извършил регистрацията/редакцията А.М.
Наличности
Код за отписване Код за изгубен артикул Източник на класификационната схема Код за повреда Коз за рестрикции Код за отдаване Артикулен № Име на библиотеката - собственик Име на библиотеката, в която се намира в момента Статус (Текущо местоположение) Дата на вписване в системата Местоположение - отдел Цена в лева Инвентарен номер Систематично азбучна сигнатура Баркод Цена в евро Служебен тип на артикула
  Не е изгубен Universal Decimal Classification Не е повреден само за читалня ползва се в читалня 875807 Регионална библиотека "Любен Каравелов" Русе Регионална библиотека "Любен Каравелов" Русе Хранилище 2022-03-16 Хранилище 0.40 5999/63 Цб 26837 900000091380 0.20 Книги
Vip Innovations Ltd, Rousse, Bulgaria 2025